logo

Bir Sreshtho Munshi Abdur Rouf Library
Jhenaidah Cadet College

যারা বৃষ্টিতে ভিজেছিল / (Record no. 1016)

MARC details
000 -LEADER
fixed length control field 00699nam a2200217 a 4500
001 - CONTROL NUMBER
JCCL Control Number 1016
003 - CONTROL NUMBER IDENTIFIER
JCCL marc code BD-JhCC
005 - DATE AND TIME OF LATEST TRANSACTION
control field 20171012202830.0
008 - FIXED-LENGTH DATA ELEMENTS--GENERAL INFORMATION
fixed length control field 171012s1998 bg |||| |||| 000 0 ben d
020 ## - INTERNATIONAL STANDARD BOOK NUMBER
International Standard Book Number 8172155662
035 ## - SYSTEM CONTROL NUMBER
system control number (BD-JhCC) 1016
040 ## - CATALOGING SOURCE
Original cataloging agency BD-JhCC
Modifying agency BD-JhCC
041 ## - LANGUAGE CODE
Language code of Book ben
082 ## - DEWEY DECIMAL CLASSIFICATION NUMBER
Classification number 891.4415
Author mark and Year GOS 1998
100 ## - MAIN ENTRY--PERSONAL NAME
Personal name গোস্বামী, জয়
245 ## - TITLE STATEMENT
Title যারা বৃষ্টিতে ভিজেছিল /
Statement of responsibility, etc জয় গোস্বামী
260 ## - PUBLICATION, DISTRIBUTION, ETC. (IMPRINT)
Place of publication, distribution, etc কোলকাতা:
Name of publisher, distributor, etc আনন্দ পাবলিশার্স,
Date of publication, distribution, etc ১৯৯৮
300 ## - PHYSICAL DESCRIPTION
Pagination ১৭০ পৃ.;
Dimensions ২৪ সে.মি.
650 ## - SUBJECT ADDED ENTRY--TOPICAL TERM
Topical term or geographic name as entry element Bengali Poetry
942 ## - ADDED ENTRY ELEMENTS (KOHA)
Source of classification or shelving scheme Dewey Decimal Classification
Koha item type Books
Holdings
Source of classification or shelving scheme Damaged status Not for loan Home library Current library Date of accession Source of acquisition Cost, normal purchase price Total Checkouts Full call number Barcode Date last seen Copy number Koha item type
Dewey Decimal Classification     JCC Rouf Library JCC Rouf Library 10/12/2017 IPDC 200.00   891.4415 GOS 1998 2001 10/12/2017 C-1 Books

JCC Library | Contacts | JCC Home

Last Update on 23 September 2017
Copyright @ 2017-2020 JCC Rouf Library
Rouf Library, Jhenidah Cadet College (JCC), Bangladesh